Probability and evidence

Αποθηκεύτηκε σε:
Λεπτομέρειες βιβλιογραφικής εγγραφής
Κύριος συγγραφέας: Ayer, A. J. (Alfred Jules), 1910-1989
Μορφή: Βιβλίο
Γλώσσα:English
Δημοσίευση: [London] : Macmillan, 1972.
Θέματα:
Ετικέτες: Προσθήκη ετικέτας
Δεν υπάρχουν, Καταχωρήστε ετικέτα πρώτοι!

MARC

LEADER 00000cam a2200000 a 4500
001 1/117285
008 181004t1972####enk| ||| |||| ||eng||
020 |a 333127560 
040 |a GR-MyUa  |b gre  |c GR-MyUa  |e AACR2 
041 0 |a eng 
082 7 |a 121.6  |2 (23) 
100 1 |a Ayer, A. J.   |q (Alfred Jules),   |d 1910-1989. 
245 1 0 |a Probability and evidence /   |c A.J. Ayer.  
260 |a [London] :   |b Macmillan,   |c 1972. 
300 |a x, 144 σ. ;   |c 22 εκ.  
504 |a Περιέχει βιβλιογραφικές αναφορές 
650 0 |a Induction (Logic) 
650 0 |a Probabilities. 
852 |a INST  |b SAMOS  |e 20181004  |h 121.6 AYE  |p 005300045597  |q 005300045597  |t BK  |y 0 
970 |a Γουβάλα  |b Βάσω  |z 4-10-2018